Entry Nombre personal
001 - NÚMERO DE CONTROL
- campo de control: 55710
003 - IDENTIFICADOR DE NÚMERO DE CONTROL
- campo de control: OSt
005 - FECHA Y HORA DE LA ÚLTIMA TRANSACCIÓN
- campo de control: 20251113182103.0
008 - ELEMENTOS DE DATO DE LONGITUD-FIJA
- campo de control de longitud fija: 040922 n acnnnaaan n ann d
040 ## - FUENTE DE CATALOGACIÓN
- Centro catalogador/agencia de origen: OSt
- Centro/agencia transcriptor: OSt
100 1# - ENCABEZAMIENTO-NOMBRE DE PERSONA
- Nombre de persona: Garrido Lestache, Juan,
- Fechas asociadas al nombre: n. 1891
400 1# - TRAZADO DE VÉASE--NOMBRE DE PERSONA
- Nombre de persona: Garrido Lestache, J. (
- Fechas asociadas al nombre: n. 1891)
400 1# - TRAZADO DE VÉASE--NOMBRE DE PERSONA
- Nombre de persona: Garrido-Lestache (
- Fechas asociadas al nombre: n. 1891)
400 1# - TRAZADO DE VÉASE--NOMBRE DE PERSONA
- Nombre de persona: Garrido-Lestache, J. (
- Fechas asociadas al nombre: n. 1891)
400 1# - TRAZADO DE VÉASE--NOMBRE DE PERSONA
- Nombre de persona: Garrido-Lestache, Juan (
- Fechas asociadas al nombre: n. 1891)
400 1# - TRAZADO DE VÉASE--NOMBRE DE PERSONA
- Nombre de persona: Garrido-Lestache Díaz, J. (
- Fechas asociadas al nombre: n. 1891)
400 1# - TRAZADO DE VÉASE--NOMBRE DE PERSONA
- Nombre de persona: Garrido-Lestache Díaz, Juan (
- Fechas asociadas al nombre: n. 1891)
